| 000 | 00690nam a22001815i 4500 | ||
|---|---|---|---|
| 001 | 162659 | ||
| 003 | ES-MaACL | ||
| 005 | 20250809035228.0 | ||
| 008 | 981117s1885 sp |||| | spa d | ||
| 245 | 0 | 0 |
_aProyecto de Código penal / _c[presentado por el Ministro de Gracia y Justicia Francisco Silvela]. |
| 260 |
_aMadrid : _b[s.n.], _c1885 ( _fImprenta de los Hijos de J. A. García) |
||
| 300 |
_a280 p. ; _c19 cm. |
||
| 650 | 0 | 4 |
_aDerecho penal- _zEspaña _911752 |
| 700 | 1 |
_aSilvela, Francisco, _d1845-1905 _9106425 |
|
| 852 |
_aES-MaACL _jT-874-F-5 _z- Enc. hol. _z- Enc. en un vol. facticio _z.- Donativo Lastres |
||
| 852 |
_aES-MaACL _jC-3842 |
||
| 999 |
_c162659 _d162659 |
||